US Cities by Satellite Photo - Statistics

General Stats
  • This quiz has been taken 493 times
  • The average score is 8 of 12
Answer Stats
Picture Answer % Correct
New York
99%
Chicago
92%
Miami
87%
Los Angeles
79%
Seattle
74%
San Diego
68%
New Orleans
60%
Washington DC
59%
Honolulu
58%
Dallas
51%
Anchorage
37%
Albuquerque
25%
No matching quizzes found
Score Distribution
Percent of People with Each Score
Percentile by Number Answered
Your Score History
You have not taken this quiz